Statistics for Qatar Airways Destinations on a Map

Click here to take the quiz!

General Stats

  • This quiz has been taken 786 times
  • The average score is 117 of 172

Answers on the Map

Answers color-coded by a green-red scale on the quiz's map according to % correct below.
 

Answer Stats

Destinations% Correct
New York City
94%
London Heathrow
93%
London Gatwick
92%
Madrid
91%
Paris
91%
Tokyo Haneda
91%
Tokyo Narita
91%
Beijing
90%
Los Angeles
90%
Barcelona
89%
Doha
89%
Dublin
89%
Miami
89%
Moscow
89%
Rome
89%
Sydney
89%
Lisbon
88%
New Delhi
88%
Oslo
88%
Seoul
88%
Berlin Brandenburg
87%
Berlin Tegel
87%
Cape Town
87%
Istanbul
87%
Istanbul Sabiha
87%
Mumbai
87%
Athens
86%
Buenos Aires
86%
Houston
86%
Manchester
86%
Amsterdam
85%
Dallas-Fort Worth
85%
Helsinki
85%
Jakarta
85%
Kiev
85%
Manila
85%
Milan
85%
Saint Petersburg
85%
Stockholm
85%
Warsaw
85%
Washington D.C.
85%
Auckland
84%
Bangkok
84%
Chicago
84%
Melbourne
84%
Perth
84%
São Paulo
84%
Shanghai
84%
Tunis
84%
Ankara
83%
Boston
83%
Brussels
83%
Copenhagen
83%
Johannesburg
83%
Munich
83%
Tehran
83%
Edinburgh
82%
Singapore
82%
Algiers
81%
Atlanta
81%
Budapest
81%
Frankfurt
81%
Hong Kong
81%
Vienna
81%
Zürich
81%
Bucharest
80%
Casablanca
80%
Addis Ababa
79%
Hanoi
79%
Kuala Lumpur
79%
Montreal
79%
Prague
79%
Venice
79%
Adelaide
78%
Brisbane
78%
Canberra
78%
Islamabad
78%
Zagreb
78%
Baghdad
77%
Baku
77%
Beirut
77%
Geneva
77%
Lagos
77%
Nairobi
77%
Nice
77%
Amman
76%
Dhaka
76%
Malta
76%
Muscat
76%
Rabat
76%
Sofia
76%
Kuwait City
75%
Ho Chi Minh City
74%
Malé
74%
Philadelphia
74%
Belgrade
73%
Colombo
73%
Guangzhou
73%
Karachi
73%
Kolkata
72%
Luanda
70%
Sarajevo
70%
Accra
69%
Birmingham
69%
Denpasar
69%
Kathmandu
69%
Tbilisi
69%
Cardiff
68%
Larnaca
68%
Dar es Salaam
67%
Izmir
67%
Lahore
67%
Marrakech
67%
Yerevan
67%
Gothenburg
66%
Bengaluru
65%
Djibouti
65%
Mogadishu
65%
Chennai
64%
Hyderabad
64%
Málaga
64%
Skopje
63%
Windhoek
63%
Durban
62%
Thessaloniki
62%
Antalya
60%
Entebbe
60%
Phnom Penh
59%
Yangon
58%
Ahmedabad
57%
Phuket
56%
Cebu
54%
Chengdu
53%
Kigali
53%
Maputo
52%
Mahé
51%
Mombasa
51%
Pisa
49%
Gaborone
48%
Zanzibar
48%
Chongqing
45%
Goa
42%
Basra
40%
Erbil
40%
Isfahan
40%
Da Nang
39%
Chiang Mai
37%
Mashhad
36%
Shiraz
36%
Adana
35%
Hangzhou
35%
Davao City
34%
Kochi
34%
Mykonos
34%
Kilimanjaro
32%
Peshawar
32%
Bodrum
29%
Angeles City
28%
Faisalabad
28%
Penang
27%
Salalah
27%
Thiruvananthapuram
25%
Multan
24%
Nagpur
24%
Amritsar
20%
Al-Najaf
19%
Krabi
19%
Kozhikode
17%
Sialkot
16%
Langkawi
15%
Sulaymaniyah
15%
Sohar
14%

Score Distribution

Percentile by Number Answered

Percent of People with Each Score

Your Score History

You have not taken this quiz